Un Catálogo impreso de libros para vender en las Indias Occidentales en el siglo XVII / (Record no. 115676)

MARC details
000 -LEADER
campo de control de longitud fija 00742nam a2200181 i 4500
001 - NÚMERO DE CONTROL
campo de control 115676
003 - IDENTIFICADOR DE NÚMERO DE CONTROL
campo de control ES-MaACL
005 - FECHA Y HORA DE LA ÚLTIMA TRANSACCIÓN
campo de control 20230906190530.0
007 - CAMPO FIJO DE DESCRIPCIÓN FÍSICA--INFORMACIÓN GENERAL
campo de control de longitud fija t|
008 - DATOS DE LONGITUD FIJA--INFORMACIÓN GENERAL
campo de control de longitud fija 070426s1930 sp ||||1| spa d
100 1# - ENTRADA PRINCIPAL--NOMBRE DE PERSONA
Nombre de persona Torre Revello, José.
9 (RLIN) 110782
245 13 - MENCIÓN DEL TÍTULO
Título Un Catálogo impreso de libros para vender en las Indias Occidentales en el siglo XVII /
Mención de responsabilidad, etc. José Torre Revello.
260 ## - PUBLICACIÓN, DISTRIBUCIÓN, ETC.
Lugar de publicación, distribución, etc. Madrid :
Nombre del editor, distribuidor, etc. Francisco Beltrán,
Fecha de publicación, distribución, etc. 1930.
300 ## - DESCRIPCIÓN FÍSICA
Extensión 30 p. ;
Dimensiones 19 cm.
505 8# - NOTA DE CONTENIDO CON FORMATO
Nota de contenido con formato Contiene: Catalogo, o memoria de libros, de todas facultades : para vender en las Indias : se venden en casa del Capitán Don Diego Ybáñez. -- [España : s.n., s. XVII]
650 ## - PUNTO DE ACCESO ADICIONAL DE MATERIA--TÉRMINO DE MATERIA
Término de materia o nombre geográfico como elemento de entrada Libros-
Subdivisión general Comercio-
Subdivisión geográfica América española.
9 (RLIN) 172243
852 ## - LOCALIZACIÓN
Ubicación ES-MaACL
Número de control de estantería 1747-F-9
Holdings
Estatus retirado Estado de pérdida Estado de daño No para préstamo Colección Biblioteca de origen Biblioteca actual Ubicación en estantería Fecha de adquisición Fuente de adquisición Total de préstamos Signatura topográfica completa Código de barras Visto por última vez Precio de reemplazo Tipo de ítem Koha
        Colección de folletos Biblioteca del Ateneo de Madrid Biblioteca del Ateneo de Madrid Depósito folletos 17/01/2008     1747-F-9 1120632 23/02/2023 23/02/2023 Folleto